000 00503ntaaa2200193 4500
003 01
005 20251027201600.0
008 0714s1973 ag 01
040 _aAR-BaBN
_bspa
_cAR-BaBN
_eaacr
_dRIC
082 _a230.0000 M58
100 _aMiegge, Giovanni
_912341
245 _aPro Fide; edtudio sobre la fe cristiana.
250 _a1 ed.
260 _aBuenos Aires :
_bAurora,
_c1963
300 _a146 p.
500 _a(Biblioteca de Cultura Evangélica XIII)
650 _aTeologĂ­a
942 _cBK
999 _c10435
_d10435